UCL Final 2020-2021 Starting XI - Statistics

General Stats
  • This quiz has been taken 1,972 times
  • The average score is 21 of 24
Answer Stats
Position Nationality Name % Correct
GK Ederson
99%
RB Walker
97%
RF Mahrez
96%
AM De Bruyne
95%
CM Silva
95%
CB Silva
95%
CB Stones
95%
CB Dias
94%
AM Havertz
91%
LB Zinchenko
91%
DM Gündoğan
90%
DM Kanté
90%
Man. Guardiola
89%
GK Mendy
89%
CB Rüdiger
88%
DM Jorginho
87%
ST Werner
87%
CM Foden
86%
RWB James
85%
LF Sterling
85%
Man. Tuchel
84%
AM Mount
82%
CB Azpilicueta
76%
LWB Chilwell
75%
No matching quizzes found
Score Distribution
Percent of People with Each Score
Percentile by Number Answered
Your Score History
You have not taken this quiz